000 00351nam a2200133Ia 4500
008 231129s1995||||xx |||||||||||||| ||spa||
020 _a84-487-0196-8
082 _a904 L516p
100 _aLe Goff Jacques.
245 0 _aPensar la historia
260 _c1995
264 _aBarcelona : Altaya
942 _2ddc
_cBKS
999 _c22591
_d22591